[Event "24PCR_F"]
[Site "?"]
[Date "2011.??.??"]
[Round "?"]
[White "Portych, Vaclav"]
[Black "Pavlicek, Miroslav"]
[Result "0-1"]
[WhiteElo "1987"]
[BlackElo "2213"]
[PlyCount "48"]
[EventDate "2011.??.??"]
[EventType "corr"]
[EventRounds "1"]
[SourceDate "2010.08.23"]

1. c4 e5 2. Nc3 Nf6 3. Nf3 Nc6 4. g3 d5 5. cxd5 Nxd5 6. Bg2 Nb6 7. O-O Be7 8.
a3 g5 9. d3 Be6 10. Be3 g4 11. Nd2 h5 12. b4 h4 13. b5 Nd4 14. Bxb7 Rb8 15. Bg2
f5 16. Nc4 hxg3 17. fxg3 Bc5 18. Nxe5 Qg5 19. Kf2 Qg7 20. Nc6 f4 21. gxf4 Rxh2
22. Rc1 g3+ 23. Ke1 Rxg2 24. Bxd4 Bxd4 0-1

[Event "24PCR_F"]
[Site "?"]
[Date "2011.??.??"]
[Round "?"]
[White "Goc, Pavel"]
[Black "Bultman, Milan"]
[Result "0-1"]
[WhiteElo "2121"]
[BlackElo "2201"]
[PlyCount "104"]
[EventDate "2011.??.??"]
[EventType "corr"]
[EventRounds "1"]
[SourceDate "2010.08.23"]

1. d4 Nf6 2. Nf3 g6 3. Bg5 Bg7 4. Nbd2 O-O 5. c3 d5 6. Bxf6 Bxf6 7. e4 c5 8.
dxc5 Nd7 9. exd5 Nxc5 10. Nc4 Bf5 11. Be2 Be4 12. d6 b5 13. Ne3 Qb6 14. dxe7
Bxe7 15. O-O Rad8 16. Qc1 Bxf3 17. Bxf3 Bg5 18. Qc2 Bxe3 19. fxe3 Nd3 20. Kh1
Qxe3 21. Bc6 Ne5 22. Rae1 Qc5 23. Bf3 Rfe8 24. Qf2 Qxf2 25. Rxf2 Nd3 26. Rxe8+
Rxe8 27. Re2 Rxe2 28. Bxe2 Nxb2 29. Bxb5 Kf8 30. Kg1 Ke7 31. Kf1 Nd1 32. c4 Nc3
33. a4 Nxb5 34. axb5 Kd6 35. Ke2 Kc5 36. Kd3 f5 37. h4 f4 38. Kc3 h6 39. Kd3 g5
40. hxg5 hxg5 41. Kc3 g4 42. Kd3 f3 43. gxf3 g3 44. Ke3 Kxc4 45. f4 Kxb5 46. f5
Kc5 47. Kf3 Kd6 48. Kxg3 a5 49. Kh4 a4 50. Kg5 a3 51. f6 a2 52. f7 Ke7 0-1

[Event "24PCR_F"]
[Site "?"]
[Date "2011.??.??"]
[Round "?"]
[White "Struzka, Vlastimil"]
[Black "Urban, Miroslav"]
[Result "0-1"]
[WhiteElo "2248"]
[BlackElo "2231"]
[PlyCount "92"]
[EventDate "2011.??.??"]
[EventType "corr"]
[EventRounds "1"]
[SourceDate "2010.08.23"]

1. d4 Nf6 2. c4 e6 3. Nf3 b6 4. Nc3 Bb7 5. e3 Bb4 6. Bd2 O-O 7. Bd3 d5 8. cxd5
exd5 9. O-O Bd6 10. Re1 Ne4 11. Rc1 c5 12. Ne5 Nd7 13. f4 Nxc3 14. Bxc3 c4 15.
Bc2 b5 16. Rf1 Nf6 17. Rf3 Qe7 18. Rh3 Bc8 19. Rg3 a5 20. Qe1 Nh5 21. Rg5 g6
22. Qe2 Ng7 23. Qf3 Qb7 24. Ng4 Bxg4 25. Rxg4 b4 26. Be1 a4 27. Rg5 f5 28. Bd1
Rfc8 29. Rg3 Ne8 30. Qh5 Qg7 31. Qe2 Nf6 32. Rf3 b3 33. axb3 axb3 34. Bd2 Ne4
35. Qe1 Qe7 36. Rb1 Ra2 37. Bc3 Rca8 38. Be2 Nxc3 39. Qxc3 Bb4 40. Qc1 c3 41.
bxc3 Rxe2 42. cxb4 Raa2 43. Rg3 Rac2 44. Qf1 b2 45. h4 Rxe3 46. Rxb2 Rxb2 0-1

[Event "24PCR_F"]
[Site "?"]
[Date "2011.??.??"]
[Round "?"]
[White "Cvak, Rudolf"]
[Black "Stepan, Josef"]
[Result "1-0"]
[WhiteElo "2379"]
[BlackElo "2044"]
[PlyCount "61"]
[EventDate "2011.??.??"]
[EventType "corr"]
[EventRounds "1"]
[SourceDate "2010.08.23"]

1. e4 e6 2. d4 d5 3. Nc3 Nf6 4. Bg5 dxe4 5. Nxe4 Nbd7 6. Nf3 h6 7. Nxf6+ Nxf6
8. Be3 Nd5 9. Bc1 Bb4+ 10. c3 Nxc3 11. bxc3 Bxc3+ 12. Bd2 Bxa1 13. Qxa1 O-O 14.
Be2 b6 15. O-O Bb7 16. Be3 Bd5 17. Rc1 Qe7 18. Qb2 c6 19. Ne5 Rfc8 20. Bh5 g6
21. Bd1 Kg7 22. Qd2 g5 23. Qc2 Qf6 24. Qe2 b5 25. h4 Qe7 26. Qh5 Rh8 27. Nxc6
Qb7 28. hxg5 Bxc6 29. gxh6+ Kf8 30. d5 Bxd5 31. Qe5 1-0

[Event "24PCR_F"]
[Site "?"]
[Date "2011.??.??"]
[Round "?"]
[White "Kudr, Roman"]
[Black "Sindelar, Frantisek"]
[Result "1/2-1/2"]
[WhiteElo "2208"]
[BlackElo "1951"]
[PlyCount "59"]
[EventDate "2011.??.??"]
[EventType "corr"]
[EventRounds "1"]
[SourceDate "2010.08.23"]

1. Nf3 Nf6 2. c4 e6 3. d4 d5 4. Nc3 c6 5. e3 Nbd7 6. Qc2 Bd6 7. Bd3 O-O 8. O-O
dxc4 9. Bxc4 a6 10. Rd1 b5 11. Be2 Qc7 12. e4 e5 13. h3 Bb7 14. dxe5 Nxe5 15.
Nd4 Ng6 16. Nf5 Bh2+ 17. Kh1 Be5 18. Be3 c5 19. a4 Bxc3 20. Qxc3 Bxe4 21. Nh6+
Kh8 22. f3 Nh5 23. Bf2 Ngf4 24. Bf1 Bd5 25. Nf5 c4 26. Nxg7 Nxg7 27. Bg3 f6 28.
Bxf4 Qxf4 29. Rxd5 Nf5 30. axb5 1/2-1/2

[Event "24PCR_F"]
[Site "?"]
[Date "2011.??.??"]
[Round "?"]
[White "Stepan, Josef"]
[Black "Kudr, Roman"]
[Result "0-1"]
[WhiteElo "2044"]
[BlackElo "2208"]
[PlyCount "62"]
[EventDate "2011.??.??"]
[EventType "corr"]
[EventRounds "1"]
[SourceDate "2010.08.23"]

1. c4 c6 2. d4 d5 3. Nc3 Nf6 4. Nf3 e6 5. Bg5 h6 6. Bh4 dxc4 7. e4 g5 8. Bg3 b5
9. Be2 Bb7 10. O-O Bb4 11. Ne5 O-O 12. f3 Nh5 13. Bf2 Nf4 14. Ng4 f5 15. Ne3
Nd7 16. Qc2 Bxc3 17. bxc3 fxe4 18. fxe4 c5 19. Bf3 cxd4 20. cxd4 a6 21. g3 Nh3+
22. Kg2 Rxf3 23. Kxh3 Nf6 24. d5 exd5 25. exd5 Qe8 26. Rad1 Rxe3 27. Bxe3 Nxd5
28. Rxd5 Bxd5 29. Qe2 Qe6+ 30. g4 Re8 31. Re1 Qe4 0-1

[Event "24PCR_F"]
[Site "?"]
[Date "2011.??.??"]
[Round "?"]
[White "Urban, Miroslav"]
[Black "Cvak, Rudolf"]
[Result "1-0"]
[WhiteElo "2231"]
[BlackElo "2379"]
[PlyCount "93"]
[EventDate "2011.??.??"]
[EventType "corr"]
[EventRounds "1"]
[SourceDate "2010.08.23"]

1. Nf3 Nf6 2. c4 c5 3. g3 Nc6 4. Nc3 e5 5. Bg2 d6 6. O-O Be7 7. a3 h6 8. d3 O-O
9. Rb1 a5 10. Nd2 Bg4 11. Re1 Qd7 12. Nf1 Nd4 13. Ne3 Bh5 14. Ned5 Nxd5 15.
Nxd5 Bd8 16. Be3 Bg4 17. b4 axb4 18. axb4 b6 19. Qd2 Ra4 20. Bxd4 exd4 21. Be4
Be6 22. b5 f5 23. Bg2 Bxd5 24. Bxd5+ Kh8 25. Ra1 Bg5 26. Qc2 Rxa1 27. Rxa1 f4
28. Kg2 fxg3 29. hxg3 Bd8 30. Qd2 Kh7 31. Qa2 Qe7 32. Be4+ g6 33. Qa8 Qf6 34.
f4 Kg7 35. Qb8 h5 36. Ra7+ Rf7 37. Ra8 Rf8 38. Qb7+ Qf7 39. Qxf7+ Kxf7 40. Ra7+
Kf6 41. Rd7 g5 42. fxg5+ Kxg5 43. Rxd6 Rg8 44. Bh7 Rh8 45. Rg6+ Kf5 46. Rg8+
Rxh7 47. Rxd8 1-0

[Event "24PCR_F"]
[Site "?"]
[Date "2011.??.??"]
[Round "?"]
[White "Bultman, Milan"]
[Black "Struzka, Vlastimil"]
[Result "1-0"]
[WhiteElo "2201"]
[BlackElo "2248"]
[PlyCount "123"]
[EventDate "2011.??.??"]
[EventType "corr"]
[EventRounds "1"]
[SourceDate "2010.08.23"]

1. d4 Nf6 2. Nf3 g6 3. c4 Bg7 4. Nc3 d5 5. Bg5 Ne4 6. Bf4 Nxc3 7. bxc3 O-O 8.
e3 c5 9. cxd5 cxd4 10. cxd4 Qxd5 11. Be2 Nc6 12. O-O Bf5 13. Qa4 Rac8 14. Rfc1
Qd7 15. Qa3 Be4 16. h3 Bd5 17. Rc5 e6 18. Rac1 f6 19. Qb2 Rfe8 20. Nd2 Red8 21.
Bg3 Bh6 22. R5c2 Qe7 23. a4 Bg7 24. a5 a6 25. Nc4 Nb4 26. Rc3 f5 27. Nb6 Rxc3
28. Qxc3 Bf8 29. Qb2 Bc6 30. Bc4 h5 31. Qb3 Re8 32. f3 Kh7 33. Rb1 Qg5 34. Bf4
Qe7 35. Be5 Qf7 36. Kh1 h4 37. Rc1 Kg8 38. Qb1 Rd8 39. e4 Re8 40. Bb3 Kh7 41.
d5 exd5 42. exd5 Nxd5 43. f4 Bg7 44. Bxg7 Qxg7 45. Nxd5 Qd4 46. Qa2 Bxd5 47.
Bxd5 b5 48. axb6 Qxb6 49. Qd2 a5 50. Kh2 Re7 51. Rc6 Qe3 52. Qxe3 Rxe3 53. Ra6
Kg7 54. Rxa5 Re7 55. Kg1 Kh6 56. Kf2 Kg7 57. Rb5 Kh6 58. Rb7 Re8 59. Bf7 Rf8
60. Rc7 Rb8 61. Rc6 Kg7 62. Bxg6 1-0

[Event "24PCR_F"]
[Site "?"]
[Date "2011.??.??"]
[Round "?"]
[White "Pavlicek, Miroslav"]
[Black "Goc, Pavel"]
[Result "1-0"]
[WhiteElo "2213"]
[BlackElo "2121"]
[PlyCount "79"]
[EventDate "2011.??.??"]
[EventType "corr"]
[EventRounds "1"]
[SourceDate "2010.08.23"]

1. e4 e5 2. Nf3 Nc6 3. Bb5 a6 4. Ba4 Nf6 5. O-O Be7 6. Re1 b5 7. Bb3 d6 8. c3
O-O 9. d4 Bg4 10. Be3 exd4 11. cxd4 Na5 12. Bc2 c5 13. h3 Bxf3 14. Qxf3 Nc4 15.
Nc3 b4 16. Na4 Nxe3 17. Qxe3 cxd4 18. Qxd4 Rc8 19. Bb3 a5 20. Rac1 Nd7 21. Qa7
Ra8 22. Qe3 Nc5 23. Nxc5 dxc5 24. e5 a4 25. Rcd1 Qc7 26. Bxf7+ Kxf7 27. e6+ Ke8
28. Qd3 Rf4 29. Qxh7 Bd6 30. Qh5+ Ke7 31. Qh7 Kf6 32. g3 Rf5 33. g4 Bh2+ 34.
Kf1 Rxf2+ 35. Kxf2 Qg3+ 36. Ke2 Qe5+ 37. Kd3 c4+ 38. Kc2 b3+ 39. Kb1 bxa2+ 40.
Kxa2 1-0

[Event "24PCR_F"]
[Site "?"]
[Date "2011.??.??"]
[Round "?"]
[White "Slavik, Miroslav"]
[Black "Portych, Vaclav"]
[Result "1/2-1/2"]
[WhiteElo "2236"]
[BlackElo "1987"]
[PlyCount "28"]
[EventDate "2011.??.??"]
[EventType "corr"]
[EventRounds "1"]
[SourceDate "2010.08.23"]

1. d4 Nf6 2. c4 e6 3. Nf3 b6 4. e3 Bb7 5. Bd3 d5 6. cxd5 exd5 7. O-O Bd6 8. Nh4
g6 9. Nf3 O-O 10. Nc3 Re8 11. a3 a6 12. b4 Nbd7 13. Bb2 b5 14. Qc2 Nb6 1/2-1/2

[Event "24PCR_F"]
[Site "?"]
[Date "2011.??.??"]
[Round "?"]
[White "Goc, Pavel"]
[Black "Slavik, Miroslav"]
[Result "1/2-1/2"]
[WhiteElo "2121"]
[BlackElo "2236"]
[PlyCount "53"]
[EventDate "2011.??.??"]
[EventType "corr"]
[EventRounds "1"]
[SourceDate "2010.08.23"]

1. d4 Nf6 2. Nf3 d5 3. e3 e6 4. Bd3 Bd6 5. Nbd2 Nbd7 6. O-O O-O 7. e4 dxe4 8.
Nxe4 Nxe4 9. Bxe4 Nf6 10. Bg5 h6 11. Bxf6 Qxf6 12. c3 a5 13. Re1 a4 14. Bc2 b6
15. Bxa4 Bb7 16. Bc2 Bxf3 17. Qxf3 Qxf3 18. gxf3 Ra5 19. Re4 Rfa8 20. a3 Rh5
21. f4 Kf8 22. Kg2 c6 23. h3 Ke7 24. c4 Rf5 25. Rae1 Kd7 26. R1e3 Bxf4 27. Rf3
1/2-1/2

[Event "24PCR_F"]
[Site "?"]
[Date "2011.??.??"]
[Round "?"]
[White "Struzka, Vlastimil"]
[Black "Pavlicek, Miroslav"]
[Result "1/2-1/2"]
[WhiteElo "2248"]
[BlackElo "2213"]
[PlyCount "82"]
[EventDate "2011.??.??"]
[EventType "corr"]
[EventRounds "1"]
[SourceDate "2010.08.23"]

1. d4 d5 2. c4 c6 3. Nf3 Nf6 4. e3 Bg4 5. h3 Bxf3 6. Qxf3 Nbd7 7. cxd5 cxd5 8.
Nc3 e6 9. Bd3 Be7 10. Bd2 O-O 11. O-O Nb6 12. b3 Rc8 13. Rac1 Bb4 14. Rc2 a6
15. Rfc1 Qe7 16. Qd1 Rc6 17. Ne2 Bxd2 18. Qxd2 Rxc2 19. Rxc2 Rc8 20. f3 Rxc2
21. Qxc2 g6 22. a4 Qb4 23. Qc3 Qxc3 24. Nxc3 Kf8 25. b4 Ke7 26. Kf2 Ne8 27. e4
Nc7 28. g4 Nc4 29. e5 h6 30. h4 b5 31. a5 g5 32. Kg3 f6 33. exf6+ Kxf6 34. f4
gxh4+ 35. Kxh4 Nd6 36. Kh5 Kg7 37. Nd1 Nf7 38. Ne3 Nd8 39. Nc2 Nc6 40. Kh4 Ne8
41. Kg3 Nf6 1/2-1/2

[Event "24PCR_F"]
[Site "?"]
[Date "2011.??.??"]
[Round "?"]
[White "Cvak, Rudolf"]
[Black "Bultman, Milan"]
[Result "1/2-1/2"]
[WhiteElo "2379"]
[BlackElo "2201"]
[PlyCount "87"]
[EventDate "2011.??.??"]
[EventType "corr"]
[EventRounds "1"]
[SourceDate "2010.08.23"]

1. e4 c5 2. Nf3 d6 3. d4 cxd4 4. Nxd4 Nf6 5. Nc3 a6 6. Be3 e5 7. Nb3 Be6 8. f3
Be7 9. Qd2 O-O 10. O-O-O Nbd7 11. g4 b5 12. g5 b4 13. Ne2 Ne8 14. f4 a5 15. f5
a4 16. Nbd4 b3 17. Kb1 exd4 18. Nxd4 bxc2+ 19. Nxc2 Nc7 20. fxe6 Nxe6 21. h4
Ne5 22. Nd4 Qd7 23. Nf5 Rac8 24. Qd5 Rfd8 25. Bb5 Qc7 26. Bb6 Qc2+ 27. Ka1 a3
28. Nxe7+ Kf8 29. Qb3 axb2+ 30. Qxb2 Qxb2+ 31. Kxb2 Kxe7 32. Bxd8+ Rxd8 33. a4
Nc5 34. Rd4 Rb8 35. Ka3 Nf3 36. Rb4 Ne5 37. Rf1 Rh8 38. Be2 Ra8 39. Bc4 g6 40.
Bd5 Ra5 41. h5 Ra6 42. hxg6 hxg6 43. Rf6 Ra5 44. Rf1 1/2-1/2

[Event "24PCR_F"]
[Site "?"]
[Date "2011.??.??"]
[Round "?"]
[White "Kudr, Roman"]
[Black "Urban, Miroslav"]
[Result "1/2-1/2"]
[WhiteElo "2208"]
[BlackElo "2231"]
[PlyCount "114"]
[EventDate "2011.??.??"]
[EventType "corr"]
[EventRounds "1"]
[SourceDate "2010.08.23"]

1. Nf3 d5 2. d4 Nf6 3. c4 e6 4. Nc3 c6 5. Bg5 h6 6. Bxf6 Qxf6 7. e3 Nd7 8. Bd3
Qd8 9. O-O Be7 10. a3 dxc4 11. Bxc4 b5 12. Ba2 O-O 13. Qc2 Bb7 14. Rfd1 a5 15.
Ne4 Qc7 16. Bb1 g6 17. h4 c5 18. h5 c4 19. Ned2 a4 20. hxg6 f5 21. Qc3 Nf6 22.
Re1 Ng4 23. Nf1 e5 24. Nxe5 Nxe5 25. dxe5 Bc5 26. Re2 Qg7 27. Ng3 Qxg6 28. e6
Qxe6 29. Bc2 Rae8 30. Rd1 Bc6 31. Nh5 Qg6 32. Nf4 Qg4 33. Kh2 Re6 34. Red2 Qh4+
35. Kg1 Rxe3 36. Ng6 Rxc3 37. Nxh4 Rg3 38. Rd5 Bxd5 39. Rxd5 Rc8 40. Rxc5 Rxc5
41. fxg3 Kh8 42. Ng6+ Kh7 43. Nf4 c3 44. Ne6 Rc8 45. Bxf5+ Kg8 46. bxc3 Rxc3
47. Nd4 Rxa3 48. Nxb5 Ra1+ 49. Kh2 Kf7 50. g4 Kf6 51. Kg3 Ra2 52. Bd3 a3 53.
Bc4 Rc2 54. Nxa3 Rc3+ 55. Kh4 Rxa3 56. Bd5 Ra1 57. Kg3 Kg5 1/2-1/2

[Event "24PCR_F"]
[Site "?"]
[Date "2011.??.??"]
[Round "?"]
[White "Sindelar, Frantisek"]
[Black "Stepan, Josef"]
[Result "1-0"]
[WhiteElo "1951"]
[BlackElo "2044"]
[PlyCount "69"]
[EventDate "2011.??.??"]
[EventType "corr"]
[EventRounds "1"]
[SourceDate "2010.08.23"]

1. d4 Nf6 2. c4 g6 3. Nc3 d5 4. Nf3 Bg7 5. Bg5 Ne4 6. Bf4 Nxc3 7. bxc3 dxc4 8.
e3 Be6 9. Qb1 b6 10. Ng5 Bd5 11. e4 h6 12. exd5 hxg5 13. Qb5+ Qd7 14. Qxd7+
Nxd7 15. Bxg5 b5 16. a4 Nb6 17. axb5 Nxd5 18. Kd2 Nb6 19. Be2 e6 20. Bf3 Nd5
21. Rhe1 Kf8 22. h3 Bh6 23. Bxh6+ Rxh6 24. Re5 Rh4 25. Bxd5 exd5 26. Rxd5 Rf4
27. f3 Rf6 28. Rc5 Rb6 29. Ra5 a6 30. g3 Rab8 31. bxa6 Re8 32. a7 Rb2+ 33. Kc1
Ree2 34. a8=Q+ Kg7 35. Qe4 1-0

[Event "24PCR_F"]
[Site "?"]
[Date "2011.??.??"]
[Round "?"]
[White "Urban, Miroslav"]
[Black "Sindelar, Frantisek"]
[Result "1-0"]
[WhiteElo "2231"]
[BlackElo "1951"]
[PlyCount "105"]
[EventDate "2011.??.??"]
[EventType "corr"]
[EventRounds "1"]
[SourceDate "2010.08.23"]

1. Nf3 Nf6 2. c4 e6 3. Nc3 b6 4. e4 Bb7 5. Bd3 c5 6. e5 Ng4 7. h3 Bxf3 8. Qxf3
Nxe5 9. Qxa8 Nxd3+ 10. Ke2 Nf4+ 11. Kf1 Nc6 12. Qxd8+ Kxd8 13. b3 h5 14. h4 Be7
15. Ne2 Nd3 16. Ba3 Bf6 17. Rb1 d6 18. Rh3 Ndb4 19. Nc3 Kd7 20. Bb2 a6 21. a3
Nc2 22. Ne4 Be5 23. f4 Bd4 24. Rg3 g6 25. b4 Rb8 26. Bxd4 N2xd4 27. Rd3 Kc7 28.
Nc3 cxb4 29. axb4 b5 30. cxb5 axb5 31. Ne4 Ra8 32. Rc1 Kd7 33. Ng5 f6 34. Ne4
Ke7 35. Nc3 Ra6 36. Rg3 Kf7 37. Ne4 d5 38. Nc5 Ra7 39. Nb3 Nf5 40. Rgc3 Nxb4
41. Rc7+ Rxc7 42. Rxc7+ Kf8 43. Nc5 Nd4 44. Kf2 Ke8 45. g3 Kf8 46. Rh7 Kg8 47.
Rc7 Kf8 48. Ke1 e5 49. fxe5 fxe5 50. Rb7 e4 51. Kf2 Kg8 52. Ke3 Nbc6 53. Kf4
1-0

[Event "24PCR_F"]
[Site "?"]
[Date "2011.??.??"]
[Round "?"]
[White "Bultman, Milan"]
[Black "Kudr, Roman"]
[Result "1/2-1/2"]
[WhiteElo "2201"]
[BlackElo "2208"]
[PlyCount "61"]
[EventDate "2011.??.??"]
[EventType "corr"]
[EventRounds "1"]
[SourceDate "2010.08.23"]

1. d4 Nf6 2. Nf3 d5 3. c4 c6 4. e3 a6 5. Nc3 Bf5 6. Bd3 Bxd3 7. Qxd3 e6 8. O-O
Bb4 9. Bd2 O-O 10. Nxd5 Nxd5 11. cxd5 Bxd2 12. Nxd2 cxd5 13. Rac1 Nc6 14. Qb3
Qd7 15. Rc5 Rfc8 16. Nf3 Na7 17. Ne5 Qe7 18. Rfc1 Rxc5 19. Rxc5 Rc8 20. Nd3
Rxc5 21. Nxc5 Nb5 22. a4 Nd6 23. Qb6 g5 24. b3 g4 25. Kf1 Kf8 26. Ke2 Ke8 27.
h3 gxh3 28. gxh3 h6 29. Kf1 Kf8 30. Ke2 Ke8 31. Kf1 1/2-1/2

[Event "24PCR_F"]
[Site "?"]
[Date "2011.??.??"]
[Round "?"]
[White "Pavlicek, Miroslav"]
[Black "Cvak, Rudolf"]
[Result "1-0"]
[WhiteElo "2213"]
[BlackElo "2379"]
[PlyCount "79"]
[EventDate "2011.??.??"]
[EventType "corr"]
[EventRounds "1"]
[SourceDate "2010.08.23"]

1. e4 c5 2. Nf3 d6 3. d4 cxd4 4. Nxd4 Nf6 5. Nc3 a6 6. Be2 e5 7. Nb3 Be7 8. Bg5
Be6 9. Bxf6 Bxf6 10. Qd3 Nc6 11. O-O-O Be7 12. Kb1 O-O 13. Nd5 Rc8 14. c3 b5
15. g3 Bxd5 16. Qxd5 Qb6 17. Rhf1 b4 18. c4 Rc7 19. f4 a5 20. c5 dxc5 21. fxe5
a4 22. Bc4 Nd8 23. Nc1 Ne6 24. Qd3 a3 25. b3 Kh8 26. Qe2 Ra7 27. Qg4 g6 28. Rf2
h5 29. Qe2 Kg7 30. Nd3 Qc7 31. h4 Raa8 32. Rdf1 Rae8 33. Rf3 Qd7 34. Bd5 Rc8
35. Qg2 c4 36. bxc4 Qa4 37. Qf2 Qe8 38. Nf4 Bc5 39. Qd2 Rc7 40. Nxh5+ 1-0

[Event "24PCR_F"]
[Site "?"]
[Date "2011.??.??"]
[Round "?"]
[White "Slavik, Miroslav"]
[Black "Struzka, Vlastimil"]
[Result "1/2-1/2"]
[WhiteElo "2236"]
[BlackElo "2248"]
[PlyCount "113"]
[EventDate "2011.??.??"]
[EventType "corr"]
[EventRounds "1"]
[SourceDate "2010.08.23"]

1. d4 Nf6 2. c4 g6 3. Nc3 d5 4. Nf3 Bg7 5. Bf4 O-O 6. e3 c5 7. dxc5 Ne4 8. Rc1
Nd7 9. cxd5 Qa5 10. Qc2 Nxc3 11. bxc3 Nxc5 12. e4 Bd7 13. Nd2 Rac8 14. Nc4 Qd8
15. Qb1 e6 16. d6 f5 17. e5 b5 18. Na3 g5 19. Be3 Bxe5 20. Bxb5 Bxb5 21. Nxb5
a6 22. Bxc5 Rxc5 23. Nd4 Qxd6 24. Rd1 Rfc8 25. O-O Rb8 26. Qd3 Bxh2+ 27. Kh1
Bf4 28. Rfe1 e5 29. Nxf5 Qxd3 30. Rxd3 e4 31. Rd5 Rxd5 32. Ne7+ Kf7 33. Nxd5
Bd6 34. g4 Rb2 35. a4 Ke6 36. Nb4 Bxb4 37. Rxe4+ Kd5 38. Rxb4 Rxf2 39. Rb6 Ke4
40. Rxa6 Ra2 41. Rf6 Rxa4 42. Kg2 Rc4 43. Rf3 Rc5 44. Kg3 Rc6 45. Kg2 Rc8 46.
Kf2 h6 47. Kg3 Rc6 48. Kg2 Rd6 49. Rf2 Kd3 50. Rf3+ Kc4 51. Re3 Rf6 52. Kg3 Kb3
53. Kg2 Rc6 54. Kf3 Kc4 55. Kg3 Ra6 56. Kf3 Rg6 57. Kg3 1/2-1/2

[Event "24PCR_F"]
[Site "?"]
[Date "2011.??.??"]
[Round "?"]
[White "Portych, Vaclav"]
[Black "Goc, Pavel"]
[Result "1-0"]
[WhiteElo "1987"]
[BlackElo "2121"]
[PlyCount "63"]
[EventDate "2011.??.??"]
[EventType "corr"]
[EventRounds "1"]
[SourceDate "2010.08.23"]

1. c4 c5 2. Nf3 Nf6 3. Nc3 d5 4. cxd5 Nxd5 5. e4 Nb4 6. Bc4 Nd3+ 7. Ke2 Nf4+ 8.
Kf1 Ne6 9. b4 cxb4 10. Ne2 Nc7 11. Bb2 b5 12. Bb3 Bb7 13. Rc1 a5 14. Ne5 e6 15.
Nd4 Bd6 16. Nxf7 Kxf7 17. Qg4 Ke8 18. Nxe6 Nxe6 19. Bxe6 Rf8 20. Bxg7 Rf4 21.
Qh5+ Ke7 22. Qg5+ Ke8 23. Qxb5+ Bc6 24. Rxc6 Nxc6 25. Qxc6+ Ke7 26. g3 Rf3 27.
Kg2 Rd3 28. Bf5 Kf7 29. Bh6 Qf6 30. Qxa8 Qxh6 31. e5 Bxe5 32. Bxd3 1-0

[Event "24PCR_F"]
[Site "?"]
[Date "2011.??.??"]
[Round "?"]
[White "Struzka, Vlastimil"]
[Black "Portych, Vaclav"]
[Result "1-0"]
[WhiteElo "2248"]
[BlackElo "1987"]
[PlyCount "45"]
[EventDate "2011.??.??"]
[EventType "corr"]
[EventRounds "1"]
[SourceDate "2010.08.23"]

1. d4 Nf6 2. c4 e6 3. e3 d5 4. Nf3 c5 5. Nc3 Nc6 6. Bd3 dxc4 7. Bxc4 a6 8. O-O
b5 9. Bd3 Bb7 10. a4 b4 11. Ne4 Nxe4 12. Bxe4 Qc7 13. Bd2 Na5 14. Bxb7 Qxb7 15.
Rc1 Rc8 16. Qe2 Be7 17. Rfd1 O-O 18. Be1 Nb3 19. Rc4 cxd4 20. Nxd4 Rxc4 21.
Qxc4 Nxd4 22. Qxd4 Qd7 23. Qxd7 1-0

[Event "24PCR_F"]
[Site "?"]
[Date "2011.??.??"]
[Round "?"]
[White "Cvak, Rudolf"]
[Black "Slavik, Miroslav"]
[Result "1-0"]
[WhiteElo "2379"]
[BlackElo "2236"]
[PlyCount "81"]
[EventDate "2011.??.??"]
[EventType "corr"]
[EventRounds "1"]
[SourceDate "2010.08.23"]

1. e4 c5 2. Nf3 Nc6 3. d4 cxd4 4. Nxd4 d5 5. exd5 Qxd5 6. Be3 Nf6 7. Nc3 Qa5 8.
Bb5 Bd7 9. Qf3 Rc8 10. O-O-O e6 11. Nb3 Qc7 12. Bf4 Qb6 13. Rhe1 Be7 14. g4 h6
15. h4 Bb4 16. Be3 Qc7 17. Bc5 Bxc3 18. Qxc3 Ne5 19. Rxe5 Bxb5 20. Qe1 Bc4 21.
Nd4 Rd8 22. Nf5 Rxd1+ 23. Qxd1 Bd5 24. Qd4 Kd7 25. Nd6 Rg8 26. Nb5 Qc6 27. Nxa7
Qa6 28. b3 b6 29. Bxb6 Rb8 30. Bc5 Kc7 31. a4 Rd8 32. Nb5+ Kb7 33. c4 Nd7 34.
Re3 Bc6 35. Nd6+ Ka8 36. Nxf7 Re8 37. Bd6 Rc8 38. Qxg7 Bxa4 39. Qa1 Nb6 40. Kb1
Nxc4 41. Qxa4 1-0

[Event "24PCR_F"]
[Site "?"]
[Date "2011.??.??"]
[Round "?"]
[White "Kudr, Roman"]
[Black "Pavlicek, Miroslav"]
[Result "1/2-1/2"]
[WhiteElo "2208"]
[BlackElo "2213"]
[PlyCount "56"]
[EventDate "2011.??.??"]
[EventType "corr"]
[EventRounds "1"]
[SourceDate "2010.08.23"]

1. Nf3 d5 2. d4 Nf6 3. c4 c6 4. e3 a6 5. Bd3 Bg4 6. h3 Bh5 7. Nc3 e6 8. O-O
dxc4 9. Bxc4 c5 10. dxc5 Qxd1 11. Rxd1 Bxf3 12. gxf3 Bxc5 13. Be2 Bb4 14. Rb1
Nc6 15. e4 O-O 16. Be3 Rfd8 17. Na4 Rxd1+ 18. Rxd1 Rd8 19. Rxd8+ Nxd8 20. Kg2
Bd6 21. Nc5 Nh5 22. Nd3 e5 23. Bd1 Ne6 24. Kf1 Kf8 25. Bb3 Nhf4 26. Bxf4 Nxf4
27. Nxf4 exf4 28. a4 Be5 1/2-1/2

[Event "24PCR_F"]
[Site "?"]
[Date "2011.??.??"]
[Round "?"]
[White "Sindelar, Frantisek"]
[Black "Bultman, Milan"]
[Result "1/2-1/2"]
[WhiteElo "1951"]
[BlackElo "2201"]
[PlyCount "70"]
[EventDate "2011.??.??"]
[EventType "corr"]
[EventRounds "1"]
[SourceDate "2010.08.23"]

1. d4 Nf6 2. c4 g6 3. Nc3 Bg7 4. e4 d6 5. Be2 O-O 6. Nf3 e5 7. dxe5 dxe5 8.
Qxd8 Rxd8 9. Bg5 Nbd7 10. O-O-O Rf8 11. Nd2 b6 12. Nd5 Nxd5 13. cxd5 h6 14. Be3
f5 15. f3 Bb7 16. g4 fxg4 17. fxg4 Rad8 18. g5 h5 19. Bc4 Kh7 20. Rhf1 c6 21.
Rxf8 Bxf8 22. Nf3 cxd5 23. Bxd5 Ba6 24. Rd2 Bb5 25. Rf2 Bd6 26. Nh4 Rf8 27. Bf7
Rc8+ 28. Kd1 Nf8 29. Bd5 Be8 30. Bd2 Nd7 31. Bc3 Nc5 32. Kd2 b5 33. Rf6 Be7 34.
Nf3 Bxf6 35. gxf6 Bc6 1/2-1/2

[Event "24PCR_F"]
[Site "?"]
[Date "2011.??.??"]
[Round "?"]
[White "Stepan, Josef"]
[Black "Urban, Miroslav"]
[Result "0-1"]
[WhiteElo "2044"]
[BlackElo "2231"]
[PlyCount "62"]
[EventDate "2011.??.??"]
[EventType "corr"]
[EventRounds "1"]
[SourceDate "2010.08.23"]

1. c4 e5 2. Nc3 Nc6 3. g3 g6 4. Bg2 Bg7 5. Rb1 a5 6. e3 d6 7. Nge2 Nge7 8. O-O
O-O 9. a3 Be6 10. d3 d5 11. cxd5 Nxd5 12. Nxd5 Bxd5 13. Nc3 Bxg2 14. Kxg2 Qd6
15. e4 Nd4 16. Be3 Rfd8 17. Qa4 c6 18. b4 axb4 19. Qxb4 Rxa3 20. Rfc1 Qxb4 21.
Rxb4 b5 22. Bxd4 exd4 23. Ne2 Rxd3 24. Rxc6 Rd1 25. Nf4 d3 26. Nxd3 R1xd3 27.
Rxb5 Rd2 28. Rb3 Bd4 29. Rf3 Rb8 30. Rc1 Rbb2 31. Rf1 Re2 0-1

[Event "24PCR_F"]
[Site "?"]
[Date "2011.??.??"]
[Round "?"]
[White "Bultman, Milan"]
[Black "Stepan, Josef"]
[Result "1-0"]
[WhiteElo "2201"]
[BlackElo "2044"]
[PlyCount "51"]
[EventDate "2011.??.??"]
[EventType "corr"]
[EventRounds "1"]
[SourceDate "2010.08.23"]

1. d4 Nf6 2. c4 g6 3. Nf3 Bg7 4. Nc3 d5 5. Bg5 dxc4 6. e4 c5 7. d5 Qa5 8. Qd2
b5 9. e5 b4 10. exf6 bxc3 11. fxg7 cxd2+ 12. Bxd2 Qxd2+ 13. Nxd2 Rg8 14. Bxc4
Ba6 15. O-O-O Bxc4 16. Nxc4 Nd7 17. Rhe1 Rxg7 18. Re3 Nb6 19. Nd6+ Kf8 20. Nb5
a6 21. Nc7 Rd8 22. d6 e6 23. Rf3 Kg8 24. d7 Rxd7 25. Rxd7 Nxd7 26. Ne8 1-0